00495naa a2200169 uc450000100070000000500170000700800410002403500110006504000130007604100080008908200080009710000350010524500510014026000320019130000170022377300850024083704720240201190147.0030812s2003 spa  a837047 ccomduadb aspa 4a33710aOliven, Ruben George4auteaut10aNacion e identidad en tiempos de globalizacion aArgentina :bCiccus,c2003. ap. 113 - 1290 tGlobalizacion e identidad culturalw836114z987956314Xw(OCoLC)7778659990289499